Normal view
MARC view
- العيسى ، طلال ياسين
Entry Personal Name
001 - CONTROL NUMBER
- control field: 45929
003 - CONTROL NUMBER IDENTIFIER
- control field: JO-AjAnu
005 - DATE AND TIME OF LATEST TRANSACTION
- control field: 20230606081608.0
008 - FIXED-LENGTH DATA ELEMENTS
- fixed length control field: 230606|| aca||aabn | a|a d
040 ## - CATALOGING SOURCE
- Original cataloging agency: JO-AjAnu
- Transcribing agency: JO-AjAnu
100 ## - HEADING--PERSONAL NAME
- Personal name: العيسى ، طلال ياسين
670 ## - SOURCE DATA FOUND
- Source citation: Work cat.: (JO-AjAnu)23512: العيسى ، طلال ياسين , author, الاصول العامة في الجنسية " دراسة قانونية مقارنة في القانون العراقي والاردني والقانون المقارن "